00810nam a22002777a 4500003000900000005001700009008002900026017000900055020001800064035000600082040002500088082002700113100001900140245012700159260004100286300003000327500002000357650000600377650002500383650001400408650002200422650001800444700001800462700003200480710002000512DO-SdBNP20230323095724.0060721b2013 sp a spa  a b  a9788415142317 a  aBPMSUbspacBPMSUe  4a617.03bC639r 20132221 aCliment, J. M.10aRehabilitación intervencionista :bfundamentos y técnicas h cJ. M. Climent, P. Fenollosa, F. M. Martín del Rosario aBarcelona : bOcéano,c2013.e f  a569 p. ;c30 cm.eCD-ROOM aIncluye CD-ROOM 2  4aMedicina física2  4aSalud 2  4aRehabilitación  4aFisioterapia 1 aFenollosa, P.1 aMartín del Rosario, F. M.2 aOcénao/Ergon